The effects of World War I on marriages between 1914 and 1918 in Hungary
The 20th century has entered the history of Europe as a constant era of wars, crises and dictatorships. This century also marked a series of trials for Hungary. The imprint and long-term effects of the historical events of the period can be well traced with the help of statistical data, therefore th...
Elmentve itt :
| Szerző: | |
|---|---|
| Dokumentumtípus: | Cikk |
| Megjelent: |
Belvedere Meridionale
Szeged
2020
|
| Sorozat: | Belvedere Meridionale
32 No. 3 |
| Kulcsszavak: | Demográfia - Magyarország - 1914-1918, Világháború - 1. |
| Tárgyszavak: | |
| doi: | 10.14232/belv.2020.3.9 |
| Online Access: | http://acta.bibl.u-szeged.hu/72080 |
| LEADER | 01505nab a2200253 i 4500 | ||
|---|---|---|---|
| 001 | acta72080 | ||
| 005 | 20250625123701.0 | ||
| 008 | 210223s2020 hu o 000 eng d | ||
| 022 | |a 2064-5929 | ||
| 024 | 7 | |a 10.14232/belv.2020.3.9 |2 doi | |
| 040 | |a SZTE Egyetemi Kiadványok Repozitórium |b hun | ||
| 041 | |a eng | ||
| 100 | 1 | |a Rácz Attila | |
| 245 | 1 | 4 | |a The effects of World War I on marriages between 1914 and 1918 in Hungary |h [elektronikus dokumentum] / |c Rácz Attila |
| 260 | |a Belvedere Meridionale |b Szeged |c 2020 | ||
| 300 | |a 115-122 | ||
| 490 | 0 | |a Belvedere Meridionale |v 32 No. 3 | |
| 520 | 3 | |a The 20th century has entered the history of Europe as a constant era of wars, crises and dictatorships. This century also marked a series of trials for Hungary. The imprint and long-term effects of the historical events of the period can be well traced with the help of statistical data, therefore the aim of our study is to show how serious and difficult to remedy social, economic and demographic problems can be when people attack people, either with weapons or by another method. In the present study, we analyze the effects of World War I on marriages between 1914 and 1918. | |
| 650 | 4 | |a Társadalomtudományok | |
| 650 | 4 | |a Szociológia | |
| 650 | 4 | |a Bölcsészettudományok | |
| 650 | 4 | |a Történettudomány és régészet | |
| 695 | |a Demográfia - Magyarország - 1914-1918, Világháború - 1. | ||
| 856 | 4 | 0 | |u http://acta.bibl.u-szeged.hu/72080/1/belvedere_2020_003_115-122.pdf |z Dokumentum-elérés |